Windows and glazing (Record no. 3199)

MARC details
000 -LEADER
fixed length control field 01443cab a2200205 4500
001 - CONTROL NUMBER
control field ABS37585
008 - FIXED-LENGTH DATA ELEMENTS--GENERAL INFORMATION
fixed length control field 090401t1987 xxu||||| |||| 00| 0 eng d
035 ## - SYSTEM CONTROL NUMBER
System control number (Sirsi) u5381
041 ## - LANGUAGE CODE
Language code of text/sound track or separate title eng
245 ## - TITLE STATEMENT
Title Windows and glazing
260 ## - PUBLICATION, DISTRIBUTION, ETC.
Date of publication, distribution, etc. 1987
350 ## - PRICE (NR) (BK AM CF MU VM SE) [OBSOLETE]
Price 0
490 ## - SERIES STATEMENT
Series statement Architects` Journal
Volume/sequential designation Focus 1 (1) April 1987, 5-67 (23)
520 ## - SUMMARY, ETC.
Summary, etc. The first issue of AJ Focus, the replacement for "Products in Practice" examines in detail windows and glazing . Commences with a case study in which R.Wilcock looks at the construction of the curtain glass walling at Blackburn leisure centre and an entrance canopy which uses a standard glazing system at the Holywell Sports Centre ; S.le Roith describes how his team chose the glass for the Lloyd`s building in the City of London; B.Keyworth describes improvements in timber windows and D.Button advises on glass specification with a table detailing characteristics of different windows; the design data section analyses in tabular form the basic types of glass used in construction, the types and performance of solar control glass and sizes for sealed double glazed units ; a comparison is given of life cycle costs of different windows over a 30 year period prepared by Davis Belfield and Everest ; concludes with sources of information.
650 ## - SUBJECT ADDED ENTRY--TOPICAL TERM
Topical term or geographic name entry element CLADDING
650 ## - SUBJECT ADDED ENTRY--TOPICAL TERM
Topical term or geographic name entry element PERFORMANCE STANDARDS
690 ## - LOCAL SUBJECT ADDED ENTRY--TOPICAL TERM (OCLC, RLIN)
Topical term or geographic name as entry element BUILT ENVIRONMENT-BUILDING MATERIALS
942 ## - ADDED ENTRY ELEMENTS (KOHA)
Suppress in OPAC 0
948 ## - LOCAL PROCESSING INFORMATION (OCLC); SERIES PART DESIGNATOR (RLIN)
c (OCLC) 04/03/1997
Holdings
Withdrawn status Lost status Source of classification or shelving scheme Damaged status Not for loan Home library Current library Shelving location Date acquired Total Checkouts Full call number Barcode Date last seen Copy number Price effective from Koha item type
    Dewey Decimal Classification     London London Journal article 14/09/1999   ABS37585 5381-1001 06/08/2019 1 06/08/2019 Journal article